000 00734nam a2200265Ia 4500
005 20260121170432.0
008 008 260114s9999 xx 000 0 eng d
020 _a9783319779416
037 _aEBOOK
040 _aCRL
040 _beng
040 _cCRL
041 _2eng
041 _aeng
084 _qCRL
100 _aLaura Gasco, Francesco Gai, Giulia Maricchiolo, Lucrezia Genovese, Sergio Ragonese, Teresa Bottari, Gabriella Caruso
_91063856
245 0 _aFeeds for the Aquaculture Sector
260 _bSpringer
260 _bSpringer
260 _c2018
856 _uhttps://link.springer.com/openurl?genre=book&isbn=978-3-319-77941-6
942 _cEBOOK
999 _c1629585
_d1629585